1609 1394 1600 1777 1565 1003 1183 1288 1553 1879 1958 1432 1802 1559 1127 1472 1752 1079 1439 1695 1865 1709 1608 1478 1119 1816 1339 1226 1981 1259 1608 1845 1598 1711 1779 1041 1103 1692 1746 1872 1527 1942 1936 1007 1954 1024 1999 1921 1792 1634 1036 1213 1425 1851 1075 1036 1410 1468 1146 1262 1742 1662 1155 1336 1213 1517 1645 1390 1637 1241 1964 1314 1255 1720 1258 1502 1270 1741 1747 1373 1047 1210 1622 1762 1842 1971 1280 1179 1067 1938 1883 1326 1604 1578 1143 1310 1842 1883 1122 BCNSPRNW ULIB Ver.6.0+V

เปลี่ยนเป็นภาษาไทย

Change to English
 แสดงรายละเอียดบรรณานุกรม
  กลับหน้าหลัก

Brief Record : Get Marc (ISO 2709) : E-mail record : QR code < ปิดหน้าต่าง
LEADER : 00000nam 2200000uu 4500
001    13399128970
003     ULIB
008    241127s2561||||th 000 0 tha d
020    ^a9786163981080
050  4 ^aHM62.T5^bค181
245 00 ^aความรู้เบื้องต้นเกี่ยวกับสังคมวิทยา /^cบรรณาธิการ, วสันต์ ปัญญาแก้ว
250    ^aพิมพ์ครั้งที่ 3
260    ^aเชียงใหม่ :^bคณะสังคมศาสตร์ มหาวิทยาลัยเชียงใหม่,^c2561
300    ^a179 หน้า :^bภาพประกอบ ;^c26 ซม.
650  4 ^aสังคมวิทยา
650  4 ^aโครงสร้างสังคม
650  4 ^aอัตลักษณ์
650  4 ^aครอบครัว
650  4 ^aเศรษฐกิจ
650  4 ^aแรงงาน
650  4 ^aผู้สูงอายุ
650  4 ^aสวัสดิการสังคม
650  4 ^aขบวนการสังคม
700 0  ^aวสันต์ ปัญญาแก้ว, บรรณาธิการ
945    ^p150^l0^i30384
999    ^aกัณชพร จุลอักษร
รายการนี้ยังไม่มีแท็ก
คุณยังไม่ได้ล็อกอิน คุณสามารถมีกิจกรรมร่วมกับเว็บไซต์ได้ แต่ต้องล็อกอินก่อน ::
  ล็อกอิน

รายการสื่อสารสนเทศ

ลำดับที่ ประเภท เลขเรียก/บาร์โค้ด สถานที่ สถานะ
1. วิทยาศาสตร์การแพทย์ และสุขภาพ
วิทยาศาสตร์การแพทย์ และสุขภาพ
HM62.T5 ค181 ฉ.1 
  Barcode: 30384
ห้องสมุดวิทยาเขตนครสวรรค์
►หนังสือทั่วไป:l:General Books
บนชั้น

รายการใกล้เคียง
    หัวเรื่อง [สังคมวิทยา]
    หัวเรื่อง [โครงสร้างสังคม]
    หัวเรื่อง [อัตลักษณ์]
    หัวเรื่อง [ครอบครัว]
    หัวเรื่อง [เศรษฐกิจ]
    หัวเรื่อง [แรงงาน]
    หัวเรื่อง [ผู้สูงอายุ]
    หัวเรื่อง [สวัสดิการสังคม]
    หัวเรื่อง [ขบวนการสังคม]

BibComment


ยังไม่เคยถูกคอมเมนท์

คอมเมนท์ทรัพยากรรายการนี้
  คอมเมนท์: ความรู้เบื้องต้น..


 Copyright 2026. Bcnsprnw @Library